US States Connected on a map - Statistics

General Stats
  • This quiz has been taken 423 times
  • The average score is 15 of 18
Answers on the Map
Answers color-coded by a green-red scale on the quiz's map according to % correct below.
 
Answer Stats
State % Correct
Washington
94%
Idaho
92%
Oregon
90%
Colorado
89%
Wyoming
88%
Nebraska
85%
Kansas
83%
Oklahoma
83%
Louisiana
82%
Kentucky
81%
Arkansas
80%
Missouri
80%
Mississippi
79%
Tennessee
78%
Virginia
75%
North Carolina
71%
South Carolina
71%
West Virginia
71%
No matching quizzes found
Score Distribution
Percent of People with Each Score
Percentile by Number Answered
Your Score History
You have not taken this quiz